| 000 | 00531nam a2200193 i 4500 | ||
|---|---|---|---|
| 001 | bgj | ||
| 245 | 0 | 0 |
_aOxford Idioms Dictionary : _bfor learners of English / _cKeith Brown. |
| 260 |
_aOxford : _bOxford University Press, _c2001. |
||
| 300 |
_aVI, 465, S24 pp : _bill. ; _c20 cm. |
||
| 650 | 9 |
_aEnglish language _xIdioms |
|
| 655 | _aDictionaries | ||
| 700 | 1 | _aBROWN, Keith | |
| 020 | _a0194315452 | ||
| 040 | _cBPK | ||
| 041 | 0 | _aeng | |
| 920 | _a0-19-431545-2 | ||
| 942 | _cKS | ||
| 008 | s uk f |000 0 eng | ||
| 999 |
_c48250 _d48250 |
||
| 856 |
_uhttp://koha.tu.koszalin.pl/cgi-bin/koha/opac-detail.pl?biblionumber=48250 _yKatalog online BPK |
||